书目信息 |
| 题名: |
广东森林碳汇造林理论与实践
|
|
| 作者: | 张方秋 主编 | |
| 分册: | ||
| 出版信息: | 北京 中国林业出版社 2014 |
|
| 页数: | 207页 | |
| 开本: | 26cm | |
| 丛书名: | ||
| 单 册: | ||
| 中图分类: | S718.5 | |
| 科图分类: | ||
| 主题词: | 森林--二氧化碳--研究--广东 | |
| 电子资源: | ||
| ISBN: | 978-7-5038-7737-7 | |
| 000 | 01197nam0 2200265 450 | |
| 001 | 012015000374 | |
| 005 | 20150914162807.40 | |
| 010 | @a978-7-5038-7737-7@dCNY86.00 | |
| 100 | @a20150601d2014 em y0chiy50 ea | |
| 101 | 0 | @achi |
| 102 | @aCN@b110000 | |
| 105 | @aa z 000yy | |
| 106 | @ar | |
| 200 | 1 | @a广东森林碳汇造林理论与实践@Aguang dong sen lin tan hui zao lin li lun yu shi jian@dTheory and practice of forest carbon sink afforestation in Guangdong province@zeng@f张方秋[等]主编 |
| 210 | @a北京@c中国林业出版社@d2014 | |
| 215 | @a207页@c图,照片@d26cm | |
| 304 | @a主编还有:曾令海、李小川、潘文、薛春泉 | |
| 330 | @a本书主要论述了国内外森林碳汇发展概况、广东森林碳汇建设基础,在总结大量试验研究的基础上提出了适合广东3个气候带、4种造林立地、4种碳汇造林类型、人工林、套种改造样地进行碳储总量、年均碳储量、物种多样性、生态效益总量以及单位面积生态系统生产总值等14个指标的实测估算等。 | |
| 510 | 1 | @aTheory and practice of forest carbon sink afforestation in Guangdong province@zeng |
| 606 | 0 | @a森林@x二氧化碳@x研究@y广东 |
| 610 | 0 | @a碳汇 |
| 690 | @aS718.5@v5 | |
| 701 | 0 | @a张方秋@Azhang fang qiu@4主编 |
| 801 | 0 | @aCN@b碧洲教育@c20150716 |
| 905 | @a10447@f4@dS718.5@e67 | |
| 广东森林碳汇造林理论与实践=Theory and practice of forest carbon sink afforestation in Guangdong province/张方秋[等]主编.-北京:中国林业出版社,2014 |
| 207页:图,照片;26cm |
| ISBN 978-7-5038-7737-7:CNY86.00 |
| 本书主要论述了国内外森林碳汇发展概况、广东森林碳汇建设基础,在总结大量试验研究的基础上提出了适合广东3个气候带、4种造林立地、4种碳汇造林类型、人工林、套种改造样地进行碳储总量、年均碳储量、物种多样性、生态效益总量以及单位面积生态系统生产总值等14个指标的实测估算等。 |
| ● |
| 相关链接 |
|
|
|
|
正题名:广东森林碳汇造林理论与实践
索取号:S718.5/67
 
预约/预借
| 序号 | 登录号 | 条形码 | 馆藏地/架位号 | 状态 | 备注 |
| 1 | 0849548 | 208495485 | 第二样本阅览室/ [索取号:S718.5/67] | 在馆 | |
| 2 | 0849549 | 208495494 | 第三借阅区/ [索取号:S718.5/67] | 在馆 | |
| 3 | 0849550 | 208495500 | 第三借阅区/ [索取号:S718.5/67] | 在馆 | |
| 4 | 0849551 | 208495519 | 生命科学系资料室/ [索取号:S718.5/67] | 在馆 |